Είναι Δήμος της Αθήνας; - Ξαφνικός Θάνατος - Statistics

General Stats
  • This quiz has been taken 81 times
  • The average score is 5 of 18
Answers on the Grid
Answers color-coded by a green-red scale on the quiz's grid according to % correct below.
Αγίας Βαρβάρας
Αγίας Παρασκευής
Αθηναίων
Αμαρουσίου
Αμπελοκήπων
Ασπρόπυργου
Αχαρνών
Βοιωτίας
Βύρωνος
Γέρακα
Γκύζη
Γλυφάδας
Ηλιούπολης
Καλαμαριάς
Καλλιθέας
Κηφισιάς
Κυψέλης
Νέας Ιωνίας
Νέας Σμύρνης
Νέας Υόρκης
Παγκρατίου
Παπάγου-Χολαργού
Πάρνηθος
Πεντέλης
Περάματος
Περιστερίου
Πετραλώνων
Πετρουπόλεως
Ταύρου
Χαλανδρίου
Χαλκίδας
Χαϊδαρίου
 
Answer Stats
Answer % Correct
Αγίας Βαρβάρας
59%
Αμαρουσίου
59%
Αθηναίων
55%
Αγίας Παρασκευής
50%
Ηλιούπολης
27%
Καλλιθέας
23%
Νέας Ιωνίας
23%
Παπάγου-Χολαργού
23%
Χαλανδρίου
23%
Βύρωνος
18%
Κηφισιάς
18%
Πεντέλης
18%
Πετρουπόλεως
18%
Γλυφάδας
14%
Νέας Σμύρνης
14%
Περιστερίου
14%
Ταύρου
14%
Χαϊδαρίου
14%
No matching quizzes found
Score Distribution
Percent of People with Each Score
Percentile by Number Answered
Your Score History
You have not taken this quiz